000 00446nam a2200181Ia 4500
001 17716
005 20260306171537.0
008 260306s9999||||xx |||||||||||||| ||und||
041 _aESP
082 _a658.15
_bO73
100 _aOrtega Verdugo, Francisco Javier
_eAUT
245 0 _aFinanciación bancaria a corto plazo
260 _c2016
300 _a41 pƔginas :
_c30 cm.
650 _aGEN
654 _aCAN
942 _cLIB
_dJUS
_fJUS
_2ddc
_n
999 _c17716
_d17716